书目信息 |
| 题名: |
AutoCAD工程制图
|
|
| 作者: | 邱龙辉 主编 | |
| 分册: | ||
| 出版信息: | 北京 机械工业出版社 2004.06 |
|
| 页数: | 244页 | |
| 开本: | 26cm | |
| 丛书名: | 普通高等教育规划教材 | |
| 单 册: | ||
| 中图分类: | TB237 , TB237 | |
| 科图分类: | ||
| 主题词: | 工程制图--gong cheng zhi tu--计算机辅助设计--应用软件--高等学校--教材 | |
| 电子资源: | ||
| ISBN: | 7-111-13935-6 | |
| 000 | 01006nam 2200301 450 | |
| 001 | 12347 | |
| 005 | 20040913093049.1 | |
| 010 | @a7-111-13935-6@d21.00CNY | |
| 099 | @aCAL 012004053924 | |
| 100 | @a20040525d2004 em y0chiy0121 ea | |
| 101 | 0 | @achi |
| 102 | @aCN@b110000 | |
| 105 | @aak a 000yy | |
| 200 | 1 | @aAutoCAD工程制图@Aautocad gong cheng zhi tu@f邱龙辉主编@Fqiu long hui zhu bian |
| 210 | @a北京@c机械工业出版社@d2004.06 | |
| 215 | @a244页@c图@d26cm | |
| 225 | 2 | @a普通高等教育规划教材 |
| 320 | @a有书目 | |
| 330 | @a本书介绍了绘图前的准备知识,绘图设置,绘制平面图形,绘制工程图形,其他绘图命令及编辑命令的用法,零件图的绘制,提高绘图效率的方法等内容。 | |
| 410 | 0 | @12001 @a普通高等教育规划教材 |
| 606 | 0 | @a工程制图@Agong cheng zhi tu@x计算机辅助设计@x应用软件@x高等学校@j教材 |
| 690 | @aTB237@v4 | |
| 690 | @aTB237@v3 | |
| 701 | 0 | @a邱龙辉@Aqiu long hui@4主编 |
| 801 | 0 | @aCN@bCCAU@c20040525 |
| 905 | @a10447@dTB237@eQ720 | |
| 906 | @dCNY21.00@n0@r1 | |
| 998 | @aCCAU | |
| AutoCAD工程制图/邱龙辉主编.-北京:机械工业出版社,2004.06 |
| 244页:图;26cm.-(普通高等教育规划教材) |
| ISBN 7-111-13935-6:21.00CNY |
| 本书介绍了绘图前的准备知识,绘图设置,绘制平面图形,绘制工程图形,其他绘图命令及编辑命令的用法,零件图的绘制,提高绘图效率的方法等内容。 |
| ● |
| 相关链接 |
|
|
|
正题名:AutoCAD工程制图
索取号:TB237/Q720
 
预约/预借
| 序号 | 登录号 | 条形码 | 馆藏地/架位号 | 状态 | 备注 |
| 1 | 530874 | 205308745 | 自科库501/501自科库 7排4列2层/ [索取号:TB237/Q720] | 在馆 | |
| 2 | 530875 | 205308754 | 自科库501/501自科库 7排4列2层/ [索取号:TB237/Q720] | 在馆 | |
| 3 | 530876 | 205308763 | 自科二线400A/400A自科库 25排3列1层/ [索取号:TB237/Q720] | 在馆 | |
| 4 | 530877 | 205308772 | 自科二线400A/400A自科库 25排3列1层/ [索取号:TB237/Q720] | 在馆 | |
| 5 | 530878 | 205308781 | 自科库501/501自科库 7排4列2层/ [索取号:TB237/Q720] | 在馆 |